01017nam a2200241 a 4500001001000000003000900010005001700019008003600036040002500072082002500097100003700122245011700159260004600276300003600322504003100358590002600389650005900415651007900474910004000553942001200593952015300605999001700758000021901DO-SdBPM20241112111517.0100914s19uu dr ac 001 0 spa d aDO-SdBPMbspacBPMSU 4a972.9302bR696p 2221 aRodríguez, Luis Arzeno,b1922-10aPrimicias de América en Santo Domingo :bV Centenario del Descubrimiento 1492-1992 /cLuis Arzeno Rodríguez. aSanto Domingo :bDel Nordeste,c[199--?]. a170 p. :bil., retrs. ;c21 cm. aBibliografía: p.169-170. aInventariado, 2024/VM 4aSanto domingo (República Dominicana)xHistoria local 0aRepública Dominicana xHistoria yDescubrimiento y conquista, 1492-1503  aVMateo V. Control de calidad. BPMSU 2ddccBK 00102ddc3Flia Reyes 40708CDaBPMETbBPMETd2024-11-12eFlia Reyes Dulucl0oBPMSU CD 972.9302 R696p pBPMSU24110025r2024-11-12w2024-11-12yBK c14862d14862